Library Banner

A comparatuive study of world religions (Record no. 29373)

MARC details
000 -LEADER
fixed length control field 00458nam a2200181Ia 4500
001 - CONTROL NUMBER
control field 29301
008 - FIXED-LENGTH DATA ELEMENTS--GENERAL INFORMATION
fixed length control field 140415s9999 xx 000 0 und d
020 ## - INTERNATIONAL STANDARD BOOK NUMBER
International Standard Book Number 969-8487-01-9
040 ## - CATALOGING SOURCE
Transcribing agency PK-LaUMT
082 ## - DEWEY DECIMAL CLASSIFICATION NUMBER
Classification number 291
Item number MUH-C
100 ## - MAIN ENTRY--PERSONAL NAME
Personal name Muhammd Sharif Chaudhry
245 #2 - TITLE STATEMENT
Title A comparatuive study of world religions
260 ## - PUBLICATION, DISTRIBUTION, ETC. (IMPRINT)
Place of publication, distribution, etc Lahore,Pakistan:
Name of publisher, distributor, etc Lahore Book Centre,
Date of publication, distribution, etc 2003
300 ## - PHYSICAL DESCRIPTION
Extent 284 p.
546 ## - LANGUAGE NOTE
Language note EN
650 ## - SUBJECT ADDED ENTRY--TOPICAL TERM
Topical term or geographic name as entry element World religions
942 ## - ADDED ENTRY ELEMENTS (KOHA)
Koha item type Books
Holdings
Withdrawn status Lost status Damaged status Not for loan Home library Current library Date acquired Total Checkouts Full call number Barcode Checked out Date last seen Date checked out Price effective from Koha item type
        UMT Main Campus UMT Main Campus 2014-04-15 1 291 MUH-C 36315 2020-04-15 2019-12-17 2019-12-17 2014-04-25 Books